Top 30 biggest cities in Europe - Statistics

General Stats
  • This quiz has been taken 139 times
  • The average score is 20 of 30
Answer Stats
Population City % Correct
8,673,713 London
99%
12,330,126 Moscow
99%
3,562,166 Berlin
98%
3,165,235 Madrid
97%
2,241,346 Paris
97%
2,874,038 Rome
97%
1,602,386 Barcelona
94%
14,804,116 Istanbul
92%
1,344,906 Milan
90%
1,759,407 Budapest
82%
1,758,041 Hamburg
82%
1,748,916 Warsaw
79%
1,407,836 Munich
78%
1,924,425 Bucharest
77%
2,909,491 Kiev
77%
1,259,079 Prague
77%
1,092,330 Birmingham
74%
1,840,573 Vienna
74%
1,171,828 Brussels
68%
1,166,763 Belgrade
62%
1,949,400 Minsk
57%
1,260,120 Sofia
56%
1,039,488 Cologne
50%
5,225,690 Saint Petersburg
50%
1,431,565 Kharkiv
18%
1,216,965 Kazan
16%
1,260,000 Nizhny Novgorod
14%
1,121,429 Ufa
11%
1,170,910 Samara
10%
1,119,875 Rostov-on-Don
3%
No matching quizzes found
Score Distribution
Percent of People with Each Score
Percentile by Number Answered
Your Score History
You have not taken this quiz